Handbook of environmental sociology /

Bibliographic Details
Other Authors: Dunlap, Riley E., Michelson, William M., 1940-
Format: Book
Language:English
Published: Westport, Conn. : Greenwood Press, 2002.
Subjects:

MARC

Tag First Indicator Second Indicator Subfields
LEADER 00000cam a2200000Ia 4500
001 in00001665713
005 20151023125832.0
008 020109s2002 ctua b 001 0 eng d
010 |a  2001023880 
020 |a 0313268088 (alk. paper) 
035 |a (OCoLC)ocm48757860 
040 |a TEF  |c TEF  |d TXA  |d UtOrBLW 
049 |a TXAM 
050 0 |a GE195  |b .H35 2002 
082 0 0 |a 304.2/8/097  |2 21 
245 0 0 |a Handbook of environmental sociology /  |c edited by Riley E. Dunlap and William Michelson. 
264 1 |a Westport, Conn. :  |b Greenwood Press,  |c 2002. 
300 |a x, 602 pages :  |b illustrations ;  |c 24 cm. 
336 |a text  |b txt  |2 rdacontent 
337 |a unmediated  |b n  |2 rdamedia 
338 |a volume  |b nc  |2 rdacarrier 
504 |a Includes bibliographical references and index. 
650 0 |a Environmentalism  |x Social aspects  |z North America. 
650 0 |a Environmental policy  |z North America. 
650 0 |a Social ecology  |z North America. 
650 0 |a Human ecology  |z North America. 
700 1 |a Dunlap, Riley E. 
700 1 |a Michelson, William M.,  |d 1940- 
994 |a E0  |b TXA 
948 |a cataloged  |b h  |c 2002/2/22  |d c  |e ceaton  |f 10:38:11 am 
999 |a MARS 
999 f f |s 77a803da-2c7a-370c-a68e-3c4094a99806  |i 740bb8a1-c945-36e5-9f90-4ffab7541c7d  |t 0 
952 f f |p normal  |a Texas A&M University  |b College Station  |c Sterling C. Evans Library  |d Evans: Library Stacks  |t 0  |e GE195 .H35 2002  |h Library of Congress classification  |i unmediated -- volume  |m A14828451298 
998 f f |a GE195 .H35 2002  |t 0  |l Evans: Library Stacks